Estatísticas para Reciclagem

Clique aqui para jogar o quiz

Estatísticas Gerais

  • Esse quiz foi jogado 8 vezes
  • A pontuação média é 4 de 10

Estatísticas das Respostas

HintResposta% Correto
O que se pode colocar no ecoponto amarelo?Plástico e metal
88%
O que se pode colocar no ecoponto verde?Vidro
88%
Qual o país que faz menos reciclagem?Brasil
63%
De que cor são os três ecopontos?Verde,azul e amarelo
38%
Qual o país que faz mais reciclagem?Alemanha
25%
O que se pode colocar no ecoponto azul?Papel e cartão
25%
O que significa a regra dos três R.Reduzir,reciclar e reutilizar
25%
O que se pode colocar no ecoponto vermelho ?Pilhas e baterias
13%
O que é a separação de lixo por material?Coleta seletiva
0%
O que evita a reciclagem de papel?Cortes de árvores
0%

Distribuição das Pontuações

Percentil de Números Respondidos

Porcentagem de Pessoas com Cada Pontuação

Sua Pontuação Histórica

Você não jogou esse quiz